| 000 | 00980cab a2200277 4500 | ||
|---|---|---|---|
| 001 | ABS59664 | ||
| 008 | 090401t1998 xxu||||| |||| 00| 0 eng d | ||
| 035 | _a(Sirsi) u89559 | ||
| 041 | _aeng | ||
| 100 | _aAppleby, M. | ||
| 245 | _aRights of way: current complexities and future minefields | ||
| 260 | _c1998 | ||
| 350 | _a0 | ||
| 490 |
_aRural Practice Bulletin _vSeptember/October 1998, 34-35(2) |
||
| 520 | _aReport on a seminar organised by NFU Professional, on issues raised by the current debate over public rights of way. Discusses establishing the existence of access, reviewing and modifying it, and maintenance. | ||
| 650 | _aCOUNTRYSIDE STEWARDSHIP | ||
| 650 | _aENFORCEMENT | ||
| 650 | _aLANDOWNERS | ||
| 650 | _aLOCAL AUTHORITIES | ||
| 650 | _aBUILT ENVIRONMENT-BUILDING MAINTENANCE AND REFURBISHMENT | ||
| 650 | _aMODIFICATION | ||
| 650 | _aRIGHTS OF WAY | ||
| 690 | _aHIGHWAYS RIGHTS OF WAY AND EASEMENTS | ||
| 942 | _n0 | ||
| 948 | _c09/11/1998 | ||
| 999 |
_c56677 _d56677 |
||